000 00599nam a2200241 a 4500
001 nice12345678
003 IN_TiNIC
005 20260116011349.0
008 050524s1307 luca grp 000 0 eng
020 _a
_c0
082 0 0 _a297.2
_bTUS
100 _aTusi, Abu Jafar Mohammad
245 _aKitab Al-Istabsar
260 _aLucknow
_bGulzar-E-syedi Press
_c1307
300 _a170p
500 _aincludes index and biblioraphy
505 2 _afour parts in two vols.
650 _aIslam-Doctrines
700 1 _aTusi, Abu Jafar Mohammad
902 _bRBA
942 _cBK
999 _c873
_d873